Statistical handbook of Japan 2004
Uloženo v:
| Médium: | Kniha |
|---|---|
| Jazyk: | angličtina |
| Vydáno: |
Tokio
Statistics Bureau
2004
|
| Témata: | |
| Tagy: |
Přidat tag
Žádné tagy, Buďte první, kdo vytvoří štítek k tomuto záznamu!
|
MARC
| LEADER | 00000nam a2200000 a 4500 | ||
|---|---|---|---|
| 001 | UCI1363 | ||
| 003 | CL-VaPUC | ||
| 008 | 070629e20040000JA |||||||||||||||||eng|d | ||
| 020 | |a 482232947X | ||
| 082 | 0 | 4 | |a 310.0952 |b STA |2 21 |
| 245 | 1 | 0 | |a Statistical handbook of Japan 2004 |
| 300 | |a 223 p | ||
| 942 | |c BK | ||
| 945 | |d 20070629 00:00:00 |a rbrito | ||
| 260 | |a Tokio |b Statistics Bureau |c 2004 | ||
| 650 | 7 | |a ESTADISTICAS DESCRIPTIVAS |2 CL-VaPUC |9 335950 | |
| 650 | 0 | |a Datos estadísticos |9 329380 | |
| 650 | 0 | |a Estadística |9 259535 | |
| 651 | 0 | |a Japón |9 260391 | |
| 583 | |a last modification |c 20070629 00:00:00 |k Rodrigo Vera | ||
| 999 | |c 326192 |d 326190 | ||
| 952 | |0 0 |1 0 |4 0 |6 310_095200000000000_STA_2004 |7 0 |8 A |9 407954 |a BIBGIM |b BIBGIM |d 2019-11-22 |i 4212037 |o 310.0952 STA 2004 |p 4212037 |r 2025-01-15 |w 2019-11-22 |y BK |k ORI | ||